When Did They Live? #1 - Statistics

General Stats
  • This quiz has been taken 211 times
  • The average score is 6 of 10
Answer Stats
Name Description Answer % Correct
William Shakespeare Playwright 1564–1616
91%
Wolfgang Amadeus Mozart Composer 1756–1791
85%
Julius Caesar Dictator 100–44 BC
58%
Lord Byron Poet 1788–1824
58%
Pocahontas Princess 1596–1617
55%
Amerigo Vespucci Navigator 1454–1512
52%
Francisco Pizarro Conquistador 1478–1541
51%
Marco Polo Explorer 1274–1324
49%
Charlemagne Emperor 748–814
43%
Richard the Lionheart King 1157–1199
32%
No matching quizzes found
Score Distribution
Percent of People with Each Score
Percentile by Number Answered
Your Score History
You have not taken this quiz